| 000 | 00611nam a22001937i 4500 | ||
|---|---|---|---|
| 999 |
_c22823 _d22823 |
||
| 003 | AR-CdUCM | ||
| 008 | 240410b20212021pe ||||| |||| 00| 0 spa d | ||
| 020 | _a978-612-48107-1-8 | ||
| 040 |
_aMUNICIPALIDAD PROVINCIAL DEL CUSCO _cBIBLIOTECA MUNICIPAL DEL CUSCO |
||
| 082 |
_a869.56 / R7816I _bR7816I |
||
| 100 |
_aRojas Loyola, Lis Geraldine. _949526 |
||
| 245 | _aLos Inquilinos / | ||
| 260 |
_aLima _bL & R Consulting Corp. , _c2021 |
||
| 300 |
_a75 Páginas. : _c14.7 cm. |
||
| 650 |
_aLa Bruja Frescafrida _949534 |
||
| 650 |
_aBraulio Paracelso _949535 |
||
| 942 |
_2ddc _cLIBROS |
||
| 945 |
_apbj _d10-04-2014 |
||